Central Library OPAC University of Rajshahi

বাংলাদেশের কপিরাইট আইন / (Record no. 55939)

MARC details
000 -LEADER
fixed length control field 00989nam a2200277 a 4500
001 - CONTROL NUMBER
control field 55939
003 - CONTROL NUMBER IDENTIFIER
rucl marc code BD-RjUL
005 - DATE AND TIME OF LATEST TRANSACTION
control field 20211209080332.0
008 - FIXED-LENGTH DATA ELEMENTS--GENERAL INFORMATION
fixed length control field 161123s1983 bg ||||| |||| 00| 0 eng d
020 ## - INTERNATIONAL STANDARD BOOK NUMBER
Terms of availability : Tk. 35.00
035 ## - SYSTEM CONTROL NUMBER
System control number (BD-RjUL)56063
040 ## - CATALOGING SOURCE
Original cataloging agency BD-RjUL
Language of cataloging ben
Transcribing agency BD-RjUL
041 ## - LANGUAGE CODE
Language code of text/sound track or separate title eng
Language code of text/sound track or separate title ben
082 ## - DEWEY DECIMAL CLASSIFICATION NUMBER
Edition number 23
Classification number 346.0482
Author mark and year RAB 1983
100 1# - MAIN ENTRY--PERSONAL NAME
Personal name রহমান, গাজী শামছুর
9 (RLIN) 166516
245 10 - TITLE STATEMENT
Title বাংলাদেশের কপিরাইট আইন /
Statement of responsibility, etc. গাজী শামছুর রহমান
250 ## - EDITION STATEMENT
Edition statement ১ম সং.
260 ## - PUBLICATION, DISTRIBUTION, ETC. (IMPRINT)
Place of publication, distribution, etc. ঢাকা :
Name of publisher, distributor, etc. বাংলা একাডেমী,
Date of publication, distribution, etc. ১৯৮৩
300 ## - PHYSICAL DESCRIPTION
Pagination [১৮], ২৩৭ পৃ ;
Size ২২ সেমি.
490 ## - SERIES STATEMENT
Series statement বাএ ;
Volume/sequential designation ১৩৬০
650 ## - SUBJECT ADDED ENTRY--TOPICAL TERM
Topical term or geographic name as entry element কপিরাইট আইন
Geographic subdivision বাংলাদেশ
9 (RLIN) 166517
Topical term or geographic name as entry element Copyright Law
Geographic subdivision Bangladesh
9 (RLIN) 166518
830 ## - SERIES ADDED ENTRY--UNIFORM TITLE
Uniform title বাএ ;
Volume number/sequential designation ১৩৬০
942 ## - ADDED ENTRY ELEMENTS (KOHA)
Source of classification or shelving scheme Dewey Decimal Classification
Koha item type Books
Holdings
Lost status Source of classification or shelving scheme Damaged status Not for loan Collection code Permanent Location Current Location Shelving location Date acquired Source of acquisition Cost, normal purchase price Total Checkouts Full call number Date last seen Copy number Koha item type
  Dewey Decimal Classification     Non-fiction Central Library, University of Rajshahi Central Library, University of Rajshahi   01/07/1990 Bangla Academy, Dhaka 35.00   B 346.0482 RAB 1983 23/11/2016 C-2 Books
  Dewey Decimal Classification   Not For Loan Rare Books Central Library, University of Rajshahi Central Library, University of Rajshahi Rare Book Section 01/01/1985 Dhaka, Bangla Academy 35.00   BRA 346.0482 RAB 1983 05/02/2020 C-1 Rare Books